<?xml version="1.0" encoding="UTF-8"?>
<collection xmlns="http://www.loc.gov/MARC21/slim">
 <record>
  <leader>     na                 </leader>
  <controlfield tag="001">INLIS000000000000918</controlfield>
  <controlfield tag="005">20220526113129</controlfield>
  <datafield tag="035" ind1=" " ind2=" ">
   <subfield code="a">0010-0522000534</subfield>
  </datafield>
  <controlfield tag="008">220526                g          0 ind  </controlfield>
  <datafield tag="245" ind1="1" ind2=" ">
   <subfield code="a">Buku pengayaan pendidikan jasmani, olahraga, dan kesehatan untuk smp/mts dan yang sederajat kelas VII 1b semester 2 /</subfield>
   <subfield code="c">Satriyo Jati Waskitho</subfield>
  </datafield>
  <datafield tag="100" ind1=" " ind2=" ">
   <subfield code="a">Satriyo Jati Waskitho</subfield>
  </datafield>
  <datafield tag="260" ind1=" " ind2=" ">
   <subfield code="a">Surakarta :</subfield>
   <subfield code="b">Putra Nugraha,</subfield>
   <subfield code="c">2021</subfield>
  </datafield>
  <datafield tag="300" ind1=" " ind2=" ">
   <subfield code="a">64 ;</subfield>
   <subfield code="c">27 cm</subfield>
  </datafield>
  <datafield tag="020" ind1=" " ind2=" ">
   <subfield code="a">978-623-268-373-0</subfield>
  </datafield>
  <datafield tag="084" ind1=" " ind2=" ">
   <subfield code="a">796,07 SAT b</subfield>
  </datafield>
  <datafield tag="082" ind1=" " ind2=" ">
   <subfield code="a">796.07</subfield>
  </datafield>
  <datafield tag="990" ind1=" " ind2=" ">
   <subfield code="a">0012021/00318</subfield>
  </datafield>
 </record>
</collection>
